| 000 | 01268nam a22003497a 4500 | ||
|---|---|---|---|
| 003 | CHAP | ||
| 005 | 20220329133710.0 | ||
| 008 | 971013s1993 r 10010 d | ||
| 010 | _a9658 | ||
| 011 | _a10630 | ||
| 035 | _a9868 | ||
| 040 | _cCHAP | ||
| 082 |
_a633.2 _bC62 1993 |
||
| 111 | 0 | 0 |
_aCongreso Nacional sobre Manejo de Pastizales ( _n9 _d: 1993 _c: Hermosillo, Son.) _927136 |
| 245 |
_aManejo integral y sostenible del pastizal _b: resúmenes de investigación |
||
| 260 |
_aHermosillo, Son. : _bSociedad Mexicana de Manejo de Pastizales. A. C., _c1993 |
||
| 300 | _a72 p | ||
| 590 |
_aBATCH-UPD _b10 _c20130109 _lUCH01 _h2343 |
||
| 590 |
_aBATCH-UPD _b10 _c20130110 _lUCH01 _h0157 |
||
| 590 |
_aBATCH-UPD _b10 _c20130110 _lUCH01 _h1856 |
||
| 590 |
_aBATCH-UPD _b10 _c20130409 _lUCH01 _h1913 |
||
| 590 |
_aBATCH-UPD _b10 _c20130410 _lUCH01 _h1225 |
||
| 590 |
_aBATCH-UPD _b10 _c20130914 _lUCH01 _h1033 |
||
| 590 |
_aCONVERSION _b10 _c20130109 _lUCH01 _h1306 |
||
| 650 | 1 | 4 |
_aPastizales _xEcología. _985933 |
| 650 | 1 | 4 |
_aPastizales _xInvestigación. _985938 |
| 650 | 1 | 4 |
_aPastizales _xManejo. _985944 |
| 710 | 0 |
_aSociedad Mexicana de Manejo de Pastizales. _9108097 |
|
| 901 | _aBK | ||
| 942 | _cLIBRO | ||
| 949 |
_a633.2 C62 1993 _bBC _cCONG _d-20985 _eCONG _h86293 _i9868 _mD _si |
||
| 999 |
_c9658 _d9658 |
||